| 000 | 01330naa a22003617a 4500 | ||
|---|---|---|---|
| 001 | BR7902786 | ||
| 003 | BR-BrBNA | ||
| 005 | 20240918174355.0 | ||
| 007 | ta | ||
| 008 | 230509b bl.||||| |||| 00| 0 por d | ||
| 040 |
_aBR-BrBNA _bpor _cBiblioteca Nacional de Agricultura |
||
| 041 | _a(Pt) | ||
| 072 |
_aF60; F30 _b0150 _bG514 |
||
| 090 | _aF60 BR7902786 | ||
| 100 | 1 | _aVianna, V.A. | |
| 100 | 1 | _aCunha, J.D.C. | |
| 100 | 1 | _aPeixoto, A.S. | |
| 111 | 1 |
_a8. Reuniao da Cultura do Arroz Irrigado _cPorto Alegre, RS (Brazil) _d29 Aug 1978 |
|
| 245 | 1 | _aAbsorcao de agua durante a coccao de cultivares de arroz em ensaio regional [Melhoramento genetico vegetal; Rendimento; Arroz irrigado; Oryza sativa; Rio Grande do Sul; Brasil] | |
| 260 | 3 |
_aPorto Alegre, RS (Brasil): _c1978. |
|
| 500 | _aAnais da 8. Reuniao da Cultura do Arroz irrigado Porto Alegre, RS (Brasil): 1978. p. 267-272 (BR7902786-AM)F60 | ||
| 650 | _aFisiologia vegetal | ||
| 650 | _aMelhoramento genetico vegetal | ||
| 650 | _aArroz irrigado | ||
| 650 | _aAbsorcao | ||
| 650 | _aAgua | ||
| 650 | _aCoccao | ||
| 650 | _aGrao | ||
| 650 | _aRendimento | ||
| 773 | 0 |
_tAnais da 8. Reuniao da Cultura do Arroz irrigado _wF60 BR7902786 _gPorto Alegre, RS (Brasil), 1978. p. 267-272 |
|
| 909 |
_a202404 _bLucia _c55 _dLucia Elande |
||
| 942 |
_cAM _2AGRIS |
||
| 999 |
_c310816 _d310816 |
||